|
|
|
|
| LEADER |
00000nab a2200000 a 4500 |
| 001 |
vtls009968630 |
| 003 |
SK-MaSNL |
| 005 |
20260303050313.0 |
| 008 |
091110c2009 xo wr per 000 0 slo |
| 038 |
|
|
|a PPPK
|
| 040 |
|
|
|a PPPKCL
|b slo
|c PPPK
|e AACR2
|
| 041 |
0 |
|
|a slo
|
| 044 |
|
|
|a xo
|c SK
|
| 080 |
|
|
|a 061.237-057.75
|2 2001
|
| 080 |
|
|
|a 316.346.32-053.9
|2 2001
|
| 245 |
0 |
0 |
|a Klub dôchodcov Xenón oslavoval tridsaťročnicu
|c [autor] (mar) ; foto Marta Marová
|
| 300 |
|
|
|b Fotogr.
|
| 610 |
2 |
7 |
|a Klub dôchodcov Xenon (Poprad, Slovensko)
|2 SNK
|9 1038278
|
| 650 |
0 |
7 |
|a seniori
|2 SNKPH
|9 117453
|
| 650 |
0 |
7 |
|a kluby dôchodcov
|2 SNKPH
|9 14343
|
| 650 |
0 |
7 |
|a výročia a významné udalosti
|2 SNKPH
|9 16069
|
| 651 |
|
7 |
|a Poprad (Slovensko)
|2 SNKPHgeo
|9 20155
|
| 700 |
1 |
|
|a Marová, Marta
|4 pht
|9 526962
|
| 773 |
0 |
|
|t Poprad : noviny občanov mesta
|g Roč. XX, č. 44 (2009), s. 1
|
| 852 |
|
|
|a PPPK
|b KIS3GCP
|
| 999 |
|
|
|c 1706950
|d 1708880
|